Statistics for Countries by Future Population Growth

Click here to take the quiz!

General Stats

  • This quiz has been taken 8,646 times
  • The average score is 13 of 20

Answer Stats

# Country % Correct
429 mIndia
96%
103 mNiger
88%
91.8 mUnited States
88%
355 mNigeria
86%
198 mD.R. Congo
79%
140 mPakistan
79%
81.4 mEgypt
78%
131 mEthiopia
76%
75.4 mKenya
72%
62.2 mSudan
71%
151 mTanzania
66%
47.4 mMali
58%
109 mUganda
57%
67.8 mAngola
56%
58.4 mPhilippines
55%
65.7 mMozambique
53%
78.5 mIraq
52%
49.5 mZambia
51%
45.0 mIvory Coast
33%
51.2 mMadagascar
31%

Score Distribution

Percentile by Number Answered

Percent of People with Each Score

Your Score History

You have not taken this quiz